• 首页
  • 本馆介绍
  • 公告通知
  • 最新文献
  • 馆藏检索
  • 电子资源
  • 读者导购
  • 参考咨询
  • 我的图书馆
  • 登录
  • 详细信息显示
  • 放入我的书架
  • 预约/预借图书
  • 作者相关作品
  • 分类相关作品
  • 丛书相关作品
  • 出版社相关作品

书目信息

  • 表格格式
  • 工作单格式
  • 卡片格式
题名:
Photoshop CS3平面广告设计与印前技术
    
 
作者: ;新知互动 编著
分册:  
出版信息: 北京   中国铁道出版社  2009
页数: 306页
开本: 26cm
丛书名:
单 册:
中图分类: TP391.41 , TS803.1
科图分类:
主题词: 图象处理--应用软件 , 图象处理--前处理 , 图象处理 , 应用软件 , 前处理
电子资源:
ISBN: 978-7-113-09865-0
000 01072nam0 2200325 450
001 012015000257
005 20150914102732.21
010    @a978-7-113-09865-0@dCNY58.00
100    @a20090803d2009 em y0chiy50 ea
101 0  @achi
102    @aCN@b110000
105    @aa z 000yy
106    @ar
200 1  @aPhotoshop CS3平面广告设计与印前技术@APhotoshop CS3 Ping Mian Guang Gao She Ji Yu Yin Qian Ji Shu@f新知互动编著
210    @a北京@c中国铁道出版社@d2009
215    @a306页@c图@d26cm@e1光盘
300    @a影像圣典
307    @a附光盘: ISBN 978-7-89459-103-6
330    @a本书通过大量的实例,解析Photoshop CS3商业设计的创意内涵、制作方法和技巧,其中每一章都与商业广告设计要求紧密结合,讲述不同类型平面设计制作的流程与技巧。
606 0  @a图象处理@x应用软件
606 0  @a图象处理@x前处理
606 0  @a图象处理
606 0  @a应用软件
606 0  @a前处理
610 0  @aPhotoshop
690    @aTP391.41@v5
690    @aTS803.1@v5
711 02 @a新知互动@AXin Zhi Hu Dong@4编著
801  0 @aCN@b碧洲教育@c20150716
905    @a10447@f4@dTP391.41@e893
    
    Photoshop CS3平面广告设计与印前技术/新知互动编著.-北京:中国铁道出版社,2009
    306页:图;26cm+1光盘
    影像圣典
    
    ISBN 978-7-113-09865-0:CNY58.00
    本书通过大量的实例,解析Photoshop CS3商业设计的创意内涵、制作方法和技巧,其中每一章都与商业广告设计要求紧密结合,讲述不同类型平面设计制作的流程与技巧。
●
相关链接 在E读中查询图书 在五车中查询图书 在当当中查询图书 在豆瓣中查询图书


正题名:Photoshop CS3平面广告设计与印前技术     索取号:TP391.41/893         预约/预借

序号 登录号 条形码 馆藏地/架位号 状态 备注
1 0870057   208700574   第二样本阅览室/ [索取号:TP391.41/893] 在馆    
2 0870058   208700583   第三借阅区/ [索取号:TP391.41/893] 在馆    
3 0870059   208700592   第三借阅区/ [索取号:TP391.41/893] 在馆    
4 0870060   208700609   密集书库—计算机科学学院/ [索取号:TP391.41/893] 在馆    
唐山师范学院图书馆 欢迎您!
大连网信软件有限公司© 版权所有